000
00324nam a22001337a 4500
008
170131b xxu||||| |||| 00| 0 eng d
020
_a
9780890420621
041
_a
eng
080
_2
4TH
_a
61
100
_a
3
101
_a
SHM
245
_a
DIAGNOSTIC AND STATISTICAL MANUAL OF MENTAL DISORDERS
_c
FRANCES, A
942
_2
udc
_c
BK
999
_c
4121
_d
4121